00597 2200217 4500001002100000005001500021035002000036007000300056008004100059020002200100082001200122084001800134100002100152245007800173260004200251300002600293650001500319700002100334990001200355990001200367INLIS00000000000175020180315023647 a0010-0318000093ta180315 g 0 ind  a978-602-249-802-5 a297.421 a297.421 DIN c0 aDINAR, Apriyanto1 aCatatan Cinta Sang Ikhwan /cDinar Apriyanto; penyunting, Dewi Widyastuti aJakarta :bBhuana Ilmu Populer,c2015 avi, 92 hlm. ;c21 cm. aPERKAWINAN0 aDEWI, Widyastuti a16371 a a16371 b